| 000 | 00780nam a2200277Ia 4500 | ||
|---|---|---|---|
| 001 | Z_3967 | ||
| 003 | CHAP | ||
| 008 | 220113s1987 xx 000 0 und d | ||
| 010 | _a167028 | ||
| 020 | _a0-07-8810124-4 \ 84-7615-304-X | ||
| 040 | _cCHAP | ||
| 082 | _a001.6424 C37y | ||
| 100 |
_aCarrabis, Joseph-David _9141206 |
||
| 245 |
_adBase III Plus : manual de referencia / _c Joseph-David Carrabis |
||
| 260 |
_aMéxico, D.F. : _bMc Graw-Hill, _c1987 |
||
| 300 | _a728 p. | ||
| 503 | _aej.1: 445698 (sobre el sello apaece con tinta negra C/E) | ||
| 650 |
_aDBASE III Plus (Programación) _931357 |
||
| 650 |
_aLenguajes de programación I. t. _9138084 |
||
| 901 | _a001.6424 C37Y | ||
| 902 | _aM | ||
| 910 | _a1987 | ||
| 942 | _c1 | ||
| 942 | _cc1 | ||
| 999 |
_c167028 _d167028 |
||